| 000 | 00457pab a2200169 454500 | ||
|---|---|---|---|
| 008 | 180718b2012 xxu||||| |||| 00| 0 eng d | ||
| 100 | _aChoudhary, R.B. | ||
| 245 | _aRelevance of Kaulilya's approach to India's relations with her neighbouring countries | ||
| 260 | _c2012 | ||
| 300 | _ap.92-99. | ||
| 362 | _aJul-Dec | ||
| 650 | _aInternational relations | ||
| 700 | _aKhushboo Kumar | ||
| 773 | _aReview of Politics | ||
| 908 | _aN | ||
| 909 | _a99025 | ||
| 999 |
_c99024 _d99024 |
||